000 00745nam a22002177a 4500
005 20220910151641.0
008 220910b |||||||| |||| 00| 0 eng d
020 _a9789388069403
_cRs.995.00
040 _aLoreto College
041 _aEnglish
082 _a157
_bJEE
245 _aPsychopathology and psychotherapy
_bA review of causes,consequences and curative measures
_cEdited by Dinaz R.Jeejeebhoy,Sayantani Chatterjee,Jhelum Podder, Saoni Banerjee, Shankhabela Mukherjee and Claire MacFarland
260 _aKolkata
_bLevant Books
_c2020
300 _ax,278p
_b22cm
650 _aPsychopathology
650 _aPsychotherapy
700 _4ed.
_aJeejeebhoy,Dinaz
700 _4ed.
_aChatterjee,Sayantani
850 _aLCLIB
942 _cBK
999 _c43055
_d93534